000 00480nam a2200181Ia 4500
005 20250326125402.0
008 250326s9999 xx 000 0 und d
037 _aTextbook
040 _aFMSL
_beng
_cFMSL
041 _aeng
_2eng
084 _aX9D K3
_qFMSL
100 _aSayles L R
245 0 _aIndividualism and big business
_cSayles L R
260 _aLondon
_bLondon, McGraw-Hill
_c1963
300 _a200p
942 _cTB
_hX9D K3
999 _c1277817
_d1277817